| 000 | 00876cam a2200217 4500 | ||
|---|---|---|---|
| 001 | WS119188 | ||
| 008 | 020805n 000 0 eng u | ||
| 035 | _a(Sirsi) u119188 | ||
| 110 |
_aNational Association of Real Estate Investment Managers _94311 |
||
| 245 | _aNational Association of Real Estate Investment Managers | ||
| 520 | _aWeb site for this US professional body 'committed to providing knowledge and insight into the rapidly changing real estate industry'. Includes links to members web sites and details of research and training programmes. | ||
| 650 | _aUSA | ||
| 650 | _aINTERNATIONAL | ||
| 650 | _aORGANISATION | ||
| 650 | _aINVESTMENT | ||
| 650 | _aINVESTMENT MANAGEMENT | ||
| 650 |
_aValuation _96273 |
||
| 690 | _aPROPERTY-COMMERCIAL PROPERTY | ||
| 856 | 4 | 0 |
_uhttps://www.nareim.org _zView the website free of charge at www.nareim.org... |
| 942 | _n0 | ||
| 999 |
_c120137 _d120137 |
||